000 00271nam a2200121Ia 4500
008 190216s9999||||xx |||||||||||||| ||und||
100 _aLallan Mishra
245 0 _aHindi-Ganesh Shankar Vidayam
260 _bSanjay Pub
300 _a208
650 _aHindi
942 _cBK
999 _c16292
_d16292